000 00463nam a2200193Ia 4500
003 OSt
005 20250822104815.0
008 250729s2004 xx 000 0 und d
020 _a978-8126120741
040 _cAL
041 _aeng
082 _a540.7 SINM
100 _aSingh Manpal
_9221735
245 _aModern teaching of chemistry
260 _aNew Delhi
_bAnmol Publisher
_c2004
300 _a383p
650 _aChemistry
_9221736
942 _2ddc
_cBED
999 _c235153
_d235153